Municipalities of Nagano Prefecture - Statistics

General Stats
  • This quiz has been taken 548 times
  • The average score is 42 of 77
Answers on the Map
Answers color-coded by a green-red scale on the quiz's map according to % correct below.
 
Answer Stats
Answer % Correct
Nagano 長野
98%
Matsumoto 松本
92%
Ueda 上田
85%
Saku 佐久
80%
Iida 飯田
79%
Suwa 諏訪
78%
Ina 伊那
75%
Karuizawa 軽井沢
75%
Kiso 木曽
75%
Kiso 木祖
75%
Hakuba 白馬
74%
Iiyama 飯山
72%
Shiojiri 塩尻
71%
Azumino 安曇野
67%
Shimosuwa 下諏訪
66%
Chino 茅野
65%
Okaya 岡谷
64%
Omachi 大町
64%
Komagane 駒ヶ根
63%
Nakano 中野
62%
Shinano 信濃
62%
Otari 小谷
60%
Suzaka 須坂
60%
Chikuma 千曲
58%
Tomi 東御
58%
Komoro 小諸
57%
Nagiso 南木曽
57%
Fujimi 富士見
56%
Hara 原
54%
Kitaaiki 北相木
54%
Nozawaonsen 野沢温泉
54%
Minamiaiki 南相木
53%
Tateshina 立科
53%
Koumi 小海
52%
Sakuho 佐久穂
52%
Minamiminowa 南箕輪
51%
Minowa 箕輪
51%
Tatsuno 辰野
51%
Miyota 御代田
50%
Iizuna 飯綱
49%
Urugi 売木
49%
Yamanouchi 山ノ内
49%
Achi 阿智
48%
Otaki 王滝
48%
Sakae 栄
48%
Tenryu 天龍
48%
Aoki 青木
47%
Omi 麻績
47%
Chikuhoku 筑北
46%
Sakaki 坂城
46%
Anan 阿南
45%
Kijimadaira 木島平
45%
Obuse 小布施
45%
Ogawa 小川
45%
Takayama 高山
45%
Oshika 大鹿
44%
Yasuoka 泰阜
44%
Matsukawa 松川
43%
Matsukawa 松川
43%
Minamimaki 南牧
43%
Neba 根羽
43%
Yamagata 山形
43%
Agematsu 上松
42%
Asahi 朝日
42%
Ikeda 池田
42%
Kawakami 川上
42%
Takagi 喬木
42%
Nagawa 長和
41%
Miyada 宮田
40%
Okuwa 大桑
40%
Iijima 飯島
37%
Hiraya 平谷
36%
Ikusaka 生坂
36%
Shimojo 下條
35%
Toyooka 豊丘
35%
Nakagawa 中川
34%
Takamori 高森
34%
No matching quizzes found
Score Distribution
Percent of People with Each Score
Percentile by Number Answered
Your Score History
You have not taken this quiz